000 00405nam a22001697a 4500
003 CEME
005 20210628201944.0
008 210129b xxu||||| |||| 00| 0 eng d
040 _c.
082 _a891.4391 PAR
100 _aParveen Shakir
_913853
245 _aKhud klami
260 _aISLAMABAD
_bMURAD PUBLICATIONS
_c2004
300 _a183P
650 _aURDU ADAB-POETRY
_928226
942 _cBK
_2ddc
999 _c567859
_d567859